Statistiques concernant Les meilleurs buteurs de Liverpool depuis 2010

Cliquez ici pour prendre le quiz!

Statistiques générales

  • Ce quiz a été pris 841 fois
  • Le résultat moyen est 12 sur 21

Statistiques - réponses

JoueursButs% Correct
Mohamed Salah97
100%
Sadio Mané81
99%
Roberto Firmino78
97%
Luis Suarez82
83%
Steven Gerrard54
81%
Jordan Henderson29
79%
Virgil Van Dijk13
73%
Philippe Coutinho54
69%
Divock Origi34
67%
James Milner25
67%
Daniel Sturridge67
62%
Raheem Sterling23
51%
Georginio Wijnaldum19
44%
Alex Oxlade Chamberlain13
33%
Adam Lallana22
29%
Andy Carroll11
28%
Dirk Kuyt20
27%
Christian Benteke10
26%
Martin Skrtel17
19%
Emre Can14
18%
Maxi Rodriguez17
3%

Distribution des résultats

Percentile par nombre de réponses

% des personnes avec chaque résultat

Votre développement - résultats

Vous n’avez pas pris ce quiz